000 01232nam0a22002891 4500
001 rc\512057
005 20250621113407.0
035 _a(NLR Aleph) 005751959
090 _a4849295
_c4849295
100 _a20030616d1987 |||y0rusy50 ca
101 0 _arus
102 _aRU
105 _aa |||||||||
200 1 _aК теории затухания поверхностных акустических волн Рэлея на свободной статистически шероховатой поверхности твердого тела
_fВ.В. Косачев, Ю.Н. Лохов, В.Н. Чуков
210 _aМ.
_cМИФИ
_d1987
215 _a19 с.
_cил.
_d20
225 1 _aПрепринт
_fМ-во высш. и сред. спец. образования СССР, Моск. инж.-физ. ин-т
_v068-86
320 _aБиблиогр.: с. 18-19
700 1 _aКосачев
_bВ.В.
_gВалерий Владимирович
701 1 _aЛохов
_bЮ.Н.
701 1 _7ca
_8rus
_aЧуков
_bВ. Н.
_gВиталий Николаевич
_92642545
_3RU\NLR\AUTH\770273388
801 0 _aRU
_bNLR
_gpsbo
801 1 _aRU
_bELAR
_2rusmarc
852 _aNLR
_j88-4/7894
942 _cBOOK
980 _aNB